| 000 | 00467nam a2200193Ia 4500 | ||
|---|---|---|---|
| 003 | OSt | ||
| 005 | 20251203102224.0 | ||
| 008 | 250729s1987 xx 000 0 und d | ||
| 020 | _a978-8122403862 | ||
| 040 | _cAL | ||
| 041 | _aeng | ||
| 082 | _a530.2 SONI | ||
| 100 |
_aSonde B S _9225416 |
||
| 245 | _aIntroduction to system design using integrated crcuits | ||
| 260 |
_aNew Delhi _c1987 |
||
| 300 | _a261p | ||
| 650 |
_aPhysics _9225417 |
||
| 942 |
_2ddc _cBED |
||
| 999 |
_c236900 _d236900 |
||